| 000 | 00626nam a22001937a 4500 | ||
|---|---|---|---|
| 003 | OSt | ||
| 005 | 20220921221353.0 | ||
| 008 | 220921b |||||||| |||| 00| 0 eng d | ||
| 040 | _cBiblioteca Lado V | ||
| 082 |
_a708 _bM986h |
||
| 110 |
_92 _aMuseo Nacional de Cuba Palacio de Bellas Artes |
||
| 245 | _aLa Habana/ | ||
| 300 |
_a184p. _c25x31cm |
||
| 650 |
_2Tesauro de Arte & Arquitectura _aMUSEO |
||
| 650 |
_2Tesauro de Arte & Arquitectura _aCUBA |
||
| 650 |
_2Tesauro de Arte & Arquitectura _aPINTURA |
||
| 650 |
_2Tesauro de Arte & Arquitectura _aEXPOSICIONES |
||
| 942 |
_2ddc _c1 _h708 _iM986h _n0 |
||
| 999 |
_c2098 _d2098 |
||